000 00318 a2200109 4500
001 ART_46800
005 20260410162000.0
008 260409a
245 1 0 _a¿Por qué sobrevivirá el EURO?
100 1 _aBergsten, Fred
773 0 _tArchivos del presente
_g- Año 16, Nº 59 (jun. 2012)
_wREV28180
999 _c31185
_d31185